Представление документа в формате RUSMARC

ПолеНазваниеЗначение
  Тип записи a
  Библиографический уровень a
001 Контрольный номер RU/CBS_UL/BASE/b3a91d6cd7f24b3985506ae9e71f81ac
005 Дата корректировки 20260219150958.0
100 Данные общей обработки __
a Данные общей обработки 20260219 ||| 0rusy0189 ca
101 Язык документа 0_
a Язык текста rus
102 Страна публикации __
a Страна публикации RU
200 Заглавие и сведения об ответственности 1_
a Заглавие Отец транспортной авиации
e Сведения, относящиеся к заглавию [судьба советского авиаконструктора О. К. Антонова]
f Первые сведения об ответственности Д. Мантуров
461 Уровень набора _0
1 2000
a Честь Отечества
463 Уровень физической единицы _0
1 2000
a № 1-2
v С. 16-17 : фото
1 2101
d 2026
1 001RU/CBS_UL/BASE/84d1925e5ac146458e290c11b6276ba6
600 Персоналии _1
a Персоналии (Фамилия) Антонов
b Персоналии (Имя, инициалы) О. К.
606 Тематические рубрики 0_
a Основная рубрика Антонов, Олег Константинович (1906-1984)
610 Ключевые слова 0_
a Ключевые слова авиаконструкторы
610 Ключевые слова 0_
a Ключевые слова советские авиаконструкторы
610 Ключевые слова 0_
a Ключевые слова авиаконструкторы советские
610 Ключевые слова 0_
a Ключевые слова авиаконструкторы СССР
610 Ключевые слова 0_
a Ключевые слова ОКБ Антонова
610 Ключевые слова 0_
a Ключевые слова самолёты-гиганты
610 Ключевые слова 0_
a Ключевые слова Ан-22 (самолёты)
610 Ключевые слова 0_
a Ключевые слова Антей (самолёты)
610 Ключевые слова 0_
a Ключевые слова Ан-124 (самолёты)
610 Ключевые слова 0_
a Ключевые слова Руслан (самолёты)
686 Индексы других классификаций __
2 Код системы rubbk
a Классификационный индекс 39.5г
700 Автор _1
a Фамилия Мантуров
b Имя (инициалы) Д.
801 Источник записи _0
a Страна RU
b Организация МБУК ЦБС г. Ульяновска
c Дата составления 20260219
g Правила каталогизации RCR
801 Источник записи _1
a Страна RU
b Организация МБУК ЦБС г. Ульяновска
c Дата составления 20260219
g Правила каталогизации RCR
901 Тип документа __
t Тип документа b
w Контрольный № источника RU/CBS_UL/BASE/84d1925e5ac146458e290c11b6276ba6
909 Создатель записи __
a Создатель записи lib2